000 00701nam a2200253Ia 4500
003 OSt
005 20220926012254.0
006 a|||||r|||| 00| 0
007 ta
008 220923b |||||||| |||| 00| 0 eng d
020 _a0521424844
037 _cGeneral Book
040 _aRTL
_cRTL
_beng
041 _2eng
_aeng
082 _aY:3(I5).6.N9, N3
100 _aGoody Jack
_919144
245 0 _aCulture of flowers
260 _aNew York
_bCambridge University Press
_c1993
300 _axviii, 462p
_ccm.
500 _aBibliography: P 429-57
650 _aSocial Communication
_9230136
942 _hY:3(I5).6.N9, N3
_cGB
_2CC
999 _c622291
_d622291